Could They have met? - Statistics

General Stats
  • This quiz has been taken 29 times
  • The average score is 8 of 14
Answer Stats
Question Answer % Correct
A human and a T-rex No
75%
Napoleon and Queen Victoria Yes
71%
Martin Luther King Jr and Barack Obama Yes
71%
Henry the 8th and Genghis Khan No
68%
Henry Ford and Nikola Tesla Yes
68%
Donald Trump and Joseph Stalin Yes
68%
Muammar Gadaffi and Adolf Hitler Yes
64%
King George the 6th and Osama Bin Laden No
57%
Winston Churchill and Boris Johnson Yes
57%
Alexander the Great and Cleopatra No
50%
Elvis Presley and Kim Jong Un No
50%
Mahatma Ghandi and Michael Jackson No
46%
Galileo and Isaac Newton No
43%
Princess Diana and Mr Beast No
21%
No matching quizzes found
Score Distribution
Percent of People with Each Score
Percentile by Number Answered
Your Score History
You have not taken this quiz